000 00835nam a2200121Ia 4500
008 220620s9999||||xx |||||||||||||| ||und||
100 _aKawai, Toshio||Holt, Robin
245 0 _aChapter 2 Big stories and small stories in the psychological relief work after the earthquake disaster
_bLife and Death
546 _aEnglish[eng]
650 _aEconomics||Finance||Business & Industry||Business||Management and Accounting||Marketing||Consumer Behaviour||Corporate Social Responsibility & Business Ethics||Critical Management Studies||Entrepreneurship and Small Business Management||Entrepreneurship||Human Resource Management||Organizational Studies||Behavioral Sciences||Psychological Science||Work & Organizational Psychology
856 _uhttps://library.oapen.org/bitstream/20.500.12657/22277/1/9780415721264_oachapter2.pdf
942 _cEB
999 _c26391
_d26391